000 00758nam a22001817a 4500
999 _c372116
_d372116
008 201127b ||||| |||| 00| 0 eng d
040 _aDE-2950
_bger
_cDE-2950
_erda
041 _ager
245 _aBestellte Nasenbären lassen auf sich warten.
_bNeuzugänge. Schutzhaus und Gehege stehen, doch die Tiere selbst sind im Wildpark in Frankfurt noch nicht angekommen. Es gibt mehrere Probleme /
_cPhilipp Stepputtis
264 _c2023
653 _aFrankfurt (Oder) <Rosengarten>
653 _aWildpark
773 _dFrankfurt (Oder) Märkisches Verlags- und Druckhaus GmbH & Co KG
_tMärkische Oderzeitung
_g34. Jahrgang (2023) Nr. 10 vom 12.01.2023, S. 13: mit Foto
942 _cA